000
00296nam a22001337a 4500
008
170527b xxu||||| |||| 00| 0 eng d
020
_a
0517558505
041
_a
eng
080
_a
623
100
_a
27
101
_a
IM
245
_a
ADVANCED TECHNOLOGY WARFARE
_c
FRIEDMAN, R.S
942
_2
udc
_c
BK
999
_c
14697
_d
14697